LIBRARY & INFORMATION CENTRE, KCAET, TAVANUR

ONLINE PUBLIC ACCESS CATALOGUE (OPAC)

Arivinte kanikal (Record no. 1217)

MARC details
000 -LEADER
fixed length control field 00384cam a2200169ua 4500
041 ## - LANGUAGE CODE
Language code of text/sound track or separate title mal
082 ## - DEWEY DECIMAL CLASSIFICATION NUMBER
Classification number 894.8124
Item number CHA/AR
100 ## - MAIN ENTRY--AUTHOR NAME
Personal name Chacko, Chemmanam .
245 ## - TITLE STATEMENT
Title Arivinte kanikal
260 ## - PUBLICATION, DISTRIBUTION, ETC. (IMPRINT)
Place of publication Trivandrum :
Name of publisher Chemmanam Chacko ,
Year of publication 1976.
300 ## - PHYSICAL DESCRIPTION
Number of Pages 160 ; .
942 ## - ADDED ENTRY ELEMENTS (KOHA)
Koha item type Books
Holdings
Withdrawn status Lost status Damaged status Home library Current library Date acquired Full call number Accession Number Koha item type
Withdrawn     KAUAET KAUAET 16/11/2023 894.8124 CHA/AR 11490 Books
Withdrawn     KAUAET Malayalam University 07/04/2012 894.8124 11489 Books
free website counter